LEADER 03744nam 2200565 450 001 9910671810003321 005 20200703042508.0 010 $a84-9982-616-4 035 $a(CKB)3400000000029140 035 $a(EBL)4508137 035 $a(SSID)ssj0000702139 035 $a(PQKBManifestationID)11383079 035 $a(PQKBTitleCode)TC0000702139 035 $a(PQKBWorkID)10679421 035 $a(PQKB)10698144 035 $a(MiAaPQ)EBC4508137 035 $a(WaSeSS)Ind00033198 035 $a(OCoLC)929304027 035 $a(FlNmELB)ELB60910 035 $a(EXLCZ)993400000000029140 100 $a20160529d2004 uy 0 101 0 $aspa 135 $aur|n|---||||| 181 $ctxt 182 $cc 183 $acr 200 04$aLos derechos de las personas con discapacidad $eperspectivas sociales, poli?ticas juri?dicas y filoso?ficas /$fIgnacio Campoy Cervera (ed.) ; Ignacio Campoy Cervera [y otros 15] 210 1$aMadrid :$cDykinson,$d[2004] 215 $a1 online resource (285 p.) 225 1 $aDebates del Instituto Bartolome? de las Casas ;$v2 300 $aContiene i?ndice. 311 $a84-9772-586-7 327 $aLOS DERECHOS DE LAS PERSONAS (...); PA?GINA LEGAL; I?NDICE; REFLEXIONES ACERCA DE LOS DERECHOS DE LAS PERSONAS CON DISCAPACIDAD; LOS DERECHOS Y LA DIGNIDAD DE LAS PERSONAS CON DISCAPACIDAD: UNA CUESTIO?N DE DERECHOS HUMANOS; REFLEXIONES SOBRE LOS VALORES DE IGUALDAD Y SOLIDARIDAD.A PROPO?SITO DE UNA CONVENCIO?N INTERNACIONAL PARA PROMOVER Y PROTEGER LOS DERECHOS Y LA DIGNIDAD DE LAS PERSONAS CON DISCAPACIDAD; LA INCURSIO?N DE LA DISCAPACIDAD EN LA TEORI?A DE LOS DERECHOS: POSIBILIDAD, EDUCACIO?N, DERECHO Y PODER 327 $aLOS DERECHOS DE LAS PERSONAS CON DISCAPACIDAD Y LAS MEDIDAS DE ACCIO?N AFIRMATIVA EN EL ORDENAMIENTO JURI?DICO ESPAN?OL.ALGUNOS APUNTES EN RELACIO?N A LA PROPUESTA DE CONVENCIO?N INTERNACIONAL AMPLIA E INTEGRAL PARA PROMOVER Y PROTEGER LOS DERECHOS Y LA DILA AUSENCIA DE LI?MITES CONSTITUCIONALES DE LAS ACCIONES POSITIVAS A FAVOR DE LAS PERSONAS CON DISCAPACIDAD; LOS DERECHOS DE LAS PERSONAS CON DISCAPACIDAD EN EL SISTEMA INTERAMERICANO DE DERECHOS HUMANOS; LA SITUACIO?N DE LOS DISCAPACITADOS PSI?QUICOS DESDE LA PERSPECTIVA DEL DERECHO CIVIL 327 $aEL DERECHO A LA IGUALDAD DE LAS PERSONAS CON DISCAPACIDAD Y LA OBLIGACIO?N DE REALIZAR AJUSTES RAZONABLESPROPUESTAS SOBRE EL FUTURO DE LAS PERSONAS CON DISCAPACIDAD EN EL MUNDO; PROPUESTAS SOBRE EL FUTURO DE LAS PERSONAS CON DISCAPACIDAD EN EL MUNDO; LAS RESPUESTAS A LAS NECESIDADES DE LAS PERSONAS CON DISCAPACIDAD AL AMPARO DEL ACTUAL ORDENAMIENTO JURI?DICO; LAS RESPUESTAS A LAS NECESIDADES DE LAS PERSONAS CON DISCAPACIDAD AL AMPARO DEL ACTUAL ORDENAMIENTO JURI?DICO 327 $aLA PROMOCIO?N Y PROTECCIO?N DE LOS DERECHOS Y LA DIGNIDAD DE LAS PERSONAS CON DISCAPACIDAD. RESPUESTAS DESDE EL ORDENAMIENTO JURI?DICOLAS DEMANDAS DE LAS PERSONAS CON DISCAPACIDAD COMO UNA CUESTIO?N DE DERECHOS HUMANOS; LAS DEMANDAS DE COLECTIVOS DE PERSONAS CON DISCAPACIDAD FI?SICA EN ESPAN?A; DEMANDAS DE LAS PERSONAS CON DISCAPACIDAD 410 0$aDebates del Instituto Bartolome? de las Casas ;$v2. 606 $aPeople with disabilities$xLegal status, laws, etc$zSpain 606 $aPersonas con discapacidad$xSituacio?n legal$zEspan?a 608 $aLibros electronicos. 615 0$aPeople with disabilities$xLegal status, laws, etc 615 4$aPersonas con discapacidad$xSituacio?n legal 676 $a346.46013 701 $aCampoy Cervera$b Ignacio$01135506 801 0$bFINmELB 801 1$bFINmELB 906 $aBOOK 912 $a9910671810003321 996 $aLos derechos de las personas con discapacidad$93045029 997 $aUNINA